• 首页
  • 本馆介绍
  • 公告通知
  • 最新文献
  • 馆藏检索
  • 电子资源
  • 读者导购
  • 参考咨询
  • 我的图书馆
  • 登录
  • 详细信息显示
  • 放入我的书架
  • 预约/预借图书
  • 作者相关作品
  • 分类相关作品
  • 丛书相关作品
  • 出版社相关作品

书目信息

  • 表格格式
  • 工作单格式
  • 卡片格式
题名:
米丘林选集
    
 
作者: ;华北农业科学研究所 编
分册:  
出版信息: 北京   农业出版社  1956
页数: 535页
开本: 26cm
丛书名:
单 册:
中图分类: Q3-01
科图分类:
主题词: 遗传学--理论 , 遗传学--方法论
电子资源:
ISBN:
000 00580nam0 2200193 450
001 0632991078
005 20061023091111.21
010    @dCNY5.00
100    @a20061023d1956 km y0chiy0120 ea
101 0  @achi
200 1  @a米丘林选集@Ami qiu lin xuan ji@f华北农业科学研究所编@Fhua bei nong ye ke xue yan jiu suo bian
210    @a北京@c农业出版社@d1956
215    @a535页@d26cm
606 0  @a遗传学@x理论
606 0  @a遗传学@x方法论
690    @aQ3-01@v3
711  0 @a华北农业科学研究所@Ahua bei nong ye ke xue yan jiu suo@4编
801  0 @aCN@bPFT@c20061023
905    @a10447@dQ3-01@e48
    
    米丘林选集/华北农业科学研究所编.-北京:农业出版社,1956
    535页;26cm
    
    
    ISBN :CNY5.00
    
●
相关链接 在E读中查询图书 在五车中查询图书 在当当中查询图书 在豆瓣中查询图书


正题名:米丘林选集     索取号:Q3-01/48         预约/预借

序号 登录号 条形码 馆藏地/架位号 状态 备注
1 0503086   205030866   密集书库/ [索取号:Q3-01/48] 在馆    
唐山师范学院图书馆 欢迎您!
大连网信软件有限公司© 版权所有